<?xml version="1.0" encoding="UTF-8"?>
<collection xmlns:xsi="http://www.w3.org/2001/XMLSchema-instance" xsi:schemaLocation="http://www.loc.gov/MARC21/slim http://www.loc.gov/standards/marcxml/schema/MARC21slim.xsd" xmlns="http://www.loc.gov/MARC21/slim">
 <record>
  <leader>00000nam a2200000 n 4500</leader>
  <controlfield tag="001">UP-1685523046124791904</controlfield>
  <controlfield tag="003">Buklod</controlfield>
  <controlfield tag="005">20231124102952.0</controlfield>
  <controlfield tag="006">aa    r     001 0d</controlfield>
  <controlfield tag="007">ta</controlfield>
  <controlfield tag="008">230427s2019    enka    r   b 001 0deng d</controlfield>
  <datafield tag="020" ind1=" " ind2=" ">
   <subfield code="a">9780415789387 (paperback)</subfield>
  </datafield>
  <datafield tag="035" ind1=" " ind2=" ">
   <subfield code="a">21631132</subfield>
  </datafield>
  <datafield tag="037" ind1=" " ind2=" ">
   <subfield code="a">CHK-6225</subfield>
   <subfield code="b">K.O.B.S.</subfield>
   <subfield code="c">Php4688.00</subfield>
  </datafield>
  <datafield tag="040" ind1=" " ind2=" ">
   <subfield code="a">DLC</subfield>
   <subfield code="d">DCHK</subfield>
   <subfield code="e">rda</subfield>
  </datafield>
  <datafield tag="041" ind1="0" ind2=" ">
   <subfield code="a">eng</subfield>
  </datafield>
  <datafield tag="090" ind1=" " ind2=" ">
   <subfield code="a">GV 711.5</subfield>
   <subfield code="b">P47 2019</subfield>
  </datafield>
  <datafield tag="245" ind1="1" ind2="0">
   <subfield code="a">Performance assessment in strength and conditioning</subfield>
   <subfield code="c">edited by Paul Comfort, Paul A. Jones, and John J. McMahon.</subfield>
  </datafield>
  <datafield tag="264" ind1=" " ind2="1">
   <subfield code="a">London</subfield>
   <subfield code="a">New York</subfield>
   <subfield code="b">Routledge, Taylor &amp; Francis Group</subfield>
   <subfield code="c">2019</subfield>
  </datafield>
  <datafield tag="300" ind1=" " ind2=" ">
   <subfield code="a">xx, 361 pages</subfield>
   <subfield code="c">25 cm</subfield>
   <subfield code="b">illustrations</subfield>
  </datafield>
  <datafield tag="336" ind1=" " ind2=" ">
   <subfield code="a">text</subfield>
   <subfield code="2">rdacontent</subfield>
  </datafield>
  <datafield tag="337" ind1=" " ind2=" ">
   <subfield code="a">unmediated</subfield>
   <subfield code="2">rdamedia</subfield>
  </datafield>
  <datafield tag="338" ind1=" " ind2=" ">
   <subfield code="a">volume</subfield>
   <subfield code="2">rdacarrier</subfield>
  </datafield>
  <datafield tag="504" ind1=" " ind2=" ">
   <subfield code="a">Includes bibliographical references and index</subfield>
  </datafield>
  <datafield tag="505" ind1="0" ind2=" ">
   <subfield code="a">Ethical and health and safety issues / Steve Atkins -- Psychological issues during assessment of performance / Jon Radcliffe -- Reliability, validity and measurement error / Peter Mundy and Neil D. Clarke -- Standardisation of testing / John J. McMahon, Paul A. Jones, and Paul Comfort -- Structured testing vs. continual monitoring / Paul Comfort, Paul A. Jones, and Guy W. Hornsby -- Assessment of factors associated with injury risk / Lee C. Herrington, Allan G. Munro, and Paul A. Jones -- Vertical jump testing / John J. McMahon, Jason P. Lake, and Timothy J. Suchomel -- Sprint testing / Robert Lockie -- Change of direction and agility / Paul A. Jones and Sophia Nimphius -- Strength : isometric and dynamic testing / G. Greg Haff -- Assessment of power / Jason P. Lake and Peter Mundy -- Aerobic performance assessment / Fred J. DiMenna and Andrew M. Jones -- Body composition assessment / Carl Langan-Evans, James P. Morton and Graeme L. Close -- Combined assessment methods / Timothy J. Suchomel, John J. McMahon, and Jason P. Lake -- Interpretation of results / Jeremy A. Gentles, W. Guy Hornsby, and Michael H. Stone -- Presentation and communication of results / John J. McMahon and Peter Mundy -- Application to training / W. Guy Hornsby, Jeremy A. Gentles, and Michael H. Stone.</subfield>
  </datafield>
  <datafield tag="520" ind1=" " ind2=" ">
   <subfield code="a">&quot;It is an essential skill for any strength and conditioning coach to be able to reliably assess the physical performance of their athletes and communicate the results and their implications to performers and coaches, alike. Performance Assessment in Strength and Conditioning is the first textbook to clearly and coherently suggest the most appropriate and reliable methods for assessing and monitoring athletes' performance, as well as including detailed sections on testing considerations and the interpretation and application of results&quot;--</subfield>
   <subfield code="c">Provided by publisher</subfield>
  </datafield>
  <datafield tag="650" ind1=" " ind2="0">
   <subfield code="a">Coaching (Athletics)</subfield>
  </datafield>
  <datafield tag="650" ind1=" " ind2="0">
   <subfield code="a">Muscle strength.</subfield>
  </datafield>
  <datafield tag="650" ind1=" " ind2="0">
   <subfield code="a">Physical education and training.</subfield>
  </datafield>
  <datafield tag="650" ind1=" " ind2="0">
   <subfield code="a">Athletes</subfield>
   <subfield code="x">Training of.</subfield>
  </datafield>
  <datafield tag="650" ind1=" " ind2="0">
   <subfield code="a">Physical fitness</subfield>
   <subfield code="x">Physiological aspects.</subfield>
  </datafield>
  <datafield tag="650" ind1=" " ind2="0">
   <subfield code="a">Sports</subfield>
   <subfield code="x">Physiological aspects.</subfield>
  </datafield>
  <datafield tag="700" ind1="1" ind2=" ">
   <subfield code="a">Comfort, Paul</subfield>
   <subfield code="e">editor</subfield>
   <subfield code="c">PhD, CSCS*D, ASCC.</subfield>
  </datafield>
  <datafield tag="700" ind1="1" ind2=" ">
   <subfield code="a">McMahon, John J.</subfield>
   <subfield code="e">editor</subfield>
   <subfield code="c">PhD, CSCS, ASCC</subfield>
   <subfield code="u">University of Salford.</subfield>
  </datafield>
  <datafield tag="700" ind1="1" ind2=" ">
   <subfield code="a">Jones, Paul A.</subfield>
   <subfield code="e">editor</subfield>
   <subfield code="c">PhD, MSc, BSc (Hons), CSCS*D, BASES Accred. CSci </subfield>
   <subfield code="u">University of Salford.</subfield>
  </datafield>
  <datafield tag="905" ind1=" " ind2=" ">
   <subfield code="a">FO</subfield>
  </datafield>
  <datafield tag="852" ind1="0" ind2=" ">
   <subfield code="a">UPD</subfield>
   <subfield code="b">DCHK</subfield>
   <subfield code="h">GV 711.5</subfield>
   <subfield code="i">P47 2019</subfield>
  </datafield>
  <datafield tag="942" ind1=" " ind2=" ">
   <subfield code="a">Book</subfield>
  </datafield>
 </record>
</collection>
